India, Pakistan and the secret jihad (E-BOOK) (Record no. 193148)

000 -LEADER
fixed length control field 01153 a2200277 4500
003 - CONTROL NUMBER IDENTIFIER
control field Nust
005 - DATE AND TIME OF LATEST TRANSACTION
control field 20170207154052.0
010 ## - LIBRARY OF CONGRESS CONTROL NUMBER
LC control number 2006014509
020 ## - INTERNATIONAL STANDARD BOOK NUMBER
International Standard Book Number 0415404592 (hardback)
040 ## - CATALOGING SOURCE
Transcribing agency Nust
082 00 - DEWEY DECIMAL CLASSIFICATION NUMBER
Classification number 954.604
100 1# - MAIN ENTRY--PERSONAL NAME
Personal name Swami, Praveen.
245 10 - TITLE STATEMENT
Title India, Pakistan and the secret jihad (E-BOOK)
Remainder of title the covert war in Kashmir, 1947-2004 /
Statement of responsibility, etc. Praveen Swami.
250 ## - EDITION STATEMENT
Edition statement 1st ed.
260 ## - PUBLICATION, DISTRIBUTION, ETC.
Place of publication, distribution, etc. Routledge :
Name of publisher, distributor, etc. New York, NY,
Date of publication, distribution, etc. 2006.
300 ## - PHYSICAL DESCRIPTION
Extent p. cm.
440 #0 - SERIES STATEMENT/ADDED ENTRY--TITLE
Title Asian security studies
500 ## - GENERAL NOTE
General note "Simultaneously published in the USA and Canada."
505 0# - FORMATTED CONTENTS NOTE
Formatted contents note Introduction : a house on the hill -- The informal war -- The master cell -- Al-Fatah -- Years of retreat and revival -- The war of many fronts -- The nuclear jihad -- Towards peace?
650 #0 - SUBJECT ADDED ENTRY--TOPICAL TERM
Topical term or geographic name entry element Jihad.
651 #0 - SUBJECT ADDED ENTRY--GEOGRAPHIC NAME
Geographic name India
General subdivision Foreign relations
Geographic subdivision Pakistan.
651 #0 - SUBJECT ADDED ENTRY--GEOGRAPHIC NAME
Geographic name Jammu and Kashmir (India)
General subdivision Politics and government.
651 #0 - SUBJECT ADDED ENTRY--GEOGRAPHIC NAME
Geographic name Pakistan
General subdivision Foreign relations
Geographic subdivision India.
856 41 - ELECTRONIC LOCATION AND ACCESS
Materials specified Publisher description
Uniform Resource Identifier <a href="http://www.loc.gov/catdir/enhancements/fy0704/2006014509-d.html">http://www.loc.gov/catdir/enhancements/fy0704/2006014509-d.html</a>
856 41 - ELECTRONIC LOCATION AND ACCESS
Materials specified Table of contents only
Uniform Resource Identifier <a href="http://www.loc.gov/catdir/toc/ecip0613/2006014509.html">http://www.loc.gov/catdir/toc/ecip0613/2006014509.html</a>
942 ## - ADDED ENTRY ELEMENTS (KOHA)
Source of classification or shelving scheme
Koha item type Book
Holdings
Withdrawn status Lost status Source of classification or shelving scheme Damaged status Not for loan Collection code Permanent Location Current Location Date acquired Total Checkouts Full call number Barcode Date last seen Price effective from Koha item type
            Military College of Signals (MCS) Military College of Signals (MCS) 12/12/2016   954.604 SWA MCSEB-2481 12/08/2016 12/12/2016 Book
© 2023 Central Library, National University of Sciences and Technology. All Rights Reserved.